00756cam a2200241 a 4500001000500000005001700005020001800022040002300040050002200063082001100085100001800096245003600114250004700150260003700197300005900234505000800293520011100301521002000412521002000432650002300452650001800475650002100493324820250321084444.0 a9780545491464 aDLCcDLCdDLCbeng00aPZ7.G77524b 201000a813.541 aGraves, Keith 0aChicken Big /cby Grave, Keith  aFirst Scholastic printing , September 2012 aNew York : bScholastic , c2010 a39 unnumbered pages : bcolor illustrations ; c29 cm. aN  aA giant chicken hatches from an enormous egg, but the other chickens cannot accept that he is one of them. a570 bLexile  aN bRaz-Plus  1aChickensvFiction. 1aSizevFiction 1aHumorous stories